Development and society: the dynamics of economic change

Uloženo v:
Podrobná bibliografie
Hlavní autoři: Novack, David E. (Autor), Lekachman, Robert (Autor)
Médium: Kniha
Jazyk:angličtina
Vydáno: Nueva York St. Martin's Press 1964
Témata:
Tagy: Přidat tag
Žádné tagy, Buďte první, kdo vytvoří štítek k tomuto záznamu!

MARC

LEADER 00000nam a2200000 a 4500
001 UCQ1223
003 CL-VaPUC
008 980709e19640000US |||||||||||||||||eng|d
082 0 4 |a 303.44  |b NOV  |2 21 
100 |a Novack, David E.  |e author  |9 414926 
700 0 |a Lekachman, Robert  |e author  |9 414927 
245 1 0 |a Development and society: the dynamics of economic change 
300 |a 433 p 
942 |c BK 
945 |d 19980709 00:00:00  |a crobeson 
260 |a Nueva York  |b St. Martin's Press  |c 1964 
650 0 |a Desarrollo económico y social   |9 256320 
650 0 |a Crecimiento económico   |9 314037 
650 0 |a Cambio social   |9 256857 
650 0 |a Teoría económica  |9 315055 
650 0 |a Sociología del cambio   |9 337801 
650 7 |a SOCIOLOGIA ECONOMICA  |2 CL-VaPUC  |9 341237 
650 7 |a ESTRUCTURA SOCIAL  |2 CL-VaPUC  |9 414928 
650 0 |a Sociología cultural  |9 337005 
650 0 |a Sociología urbana  |9 268099 
650 0 |a Distribución del ingreso  |9 334288 
650 0 |a Clases sociales  |9 256858 
650 7 |a ELITE  |2 CL-VaPUC  |9 374366 
583 |a last modification  |c 19980709 00:00:00  |k Rodrigo Vera 
999 |c 272227  |d 272225